Future of the Japanese electronic industry

Salvato in:
Dettagli Bibliografici
Natura: Libro
Lingua:Undetermined
Pubblicazione: Tokyo Japan Electronic Industry Development Association 1980
Soggetti:
Tags: Aggiungi Tag
Nessun Tag, puoi essere il primo ad aggiungerne! !
Thư viện lưu trữ: Trung tâm Học liệu Trường Đại học Cần Thơ
LEADER 00485nam a2200169Ia 4500
001 CTU_80911
008 210402s9999 xx 000 0 und d
082 |a 338.4 
082 |b F996 
245 0 |a Future of the Japanese electronic industry 
260 |a Tokyo 
260 |b Japan Electronic Industry Development Association 
260 |c 1980 
650 |a Electronic industries 
650 |z Japan 
904 |i Trọng Hải 
980 |a Trung tâm Học liệu Trường Đại học Cần Thơ